000 00614nam a2200205 i 4500
001 56587
003 ES-MaACL
005 20250911062827.0
007 t|
008 031010s1973 sp ||||1| spa d
100 1 _aDickinson, Emily.
_944493
245 1 0 _aPoemas /
_cEmily Dickinson ; selección y versión de M. Manent.
260 _aMadrid :
_bAlberto Corazón,
_c1973.
300 _a136 p. ;
_c20 cm.
490 1 _aColección Visor de poesía ;
_v39
700 1 _aManent, M.
_9182598
830 0 _aColección Visor de poesía
_v39
_9177331
852 _aES-MaACL
_jC-56068
_bR.88743
999 _c56587
_d56587